000 00406nam a22001217a 4500
005 20220325140853.0
008 200727b ||||| |||| 00| 0 eng d
020 _a996684681-6
040 _cCML
245 _aFundamentals of Sociology of Education with Reference to Africa.
_cLucy Wairimu, K.
260 _aNairobi
_bUnversity of Nairobi Press
_c2014
942 _2ddc
_cBK
_e1st Ediition
_h370.19
_mKIB
999 _c7
_d7